1024 1826 1857 1518 1560 1720 1925 1242 1480 1465 1853 1858 1518 1917 1355 1345 1885 1226 1222 1153 1525 1114 1827 1291 1094 1808 1441 1465 1452 1721 1579 1187 1236 1204 1157 1239 1230 1132 1710 1362 1180 1752 1836 1579 1598 1095 1366 1640 1695 1059 1201 1535 1653 1489 1090 1166 1021 1892 1134 1144 1772 1909 1522 1739 1393 1069 1097 1027 1271 1111 1366 1632 1195 1244 1996 1061 1629 1904 1520 1367 1440 1508 1040 1287 1051 1674 1677 1806 1830 1201 1439 1592 1234 1218 1138 1667 1022 1116 1711 BCNSPRNW ULIB Ver.6.0+V

เปลี่ยนเป็นภาษาไทย

Change to English
 แสดงรายละเอียดบรรณานุกรม
  กลับหน้าหลัก

Brief Record : Get Marc (ISO 2709) : E-mail record : QR code < ปิดหน้าต่าง
LEADER : 00000nam 2200000uu 4500
001    13399122906
003     ULIB
008    131029s2011||||th 000 0 tha d
020    ^a9780763765682
060 04 ^aWY20.5^bT175a
100 1  ^aTappen, Ruth M.
245 10 ^aAdvanced nursing research :^bfrom theory to practice / ^cRuth M. Tappen.
260    ^aSudbury, MA :^bJones & Bartlett Learning,^c2011.
300    ^axvi, 504 p. :^bill. ;^c24 cm.
504    ^aIncludes bibliographical references and index.
650  0 ^aNursing^xResearch^xMethodology.
650  2 ^aNursing Research^xmethods.
650  2 ^aResearch Design.
945    ^p100^l0^i034124
999    ^aเกษร โพธิ์สุวรรณ
รายการนี้ยังไม่มีแท็ก
คุณยังไม่ได้ล็อกอิน คุณสามารถมีกิจกรรมร่วมกับเว็บไซต์ได้ แต่ต้องล็อกอินก่อน ::
  ล็อกอิน

รายการสื่อสารสนเทศ

ลำดับที่ ประเภท เลขเรียก/บาร์โค้ด สถานที่ สถานะ
1. Book การพยาบาล
Book การพยาบาล
WY20.5 T175a  
  Barcode: 034124
ห้องสมุดวิทยาเขตสวรรค์ประชารักษ์
►หนังสือทั่วไป
บนชั้น

รายการใกล้เคียง
    หัวเรื่อง [Research Design.]

BibComment


ยังไม่เคยถูกคอมเมนท์

คอมเมนท์ทรัพยากรรายการนี้
  คอมเมนท์: Advanced nursing..


 Copyright 2026. Bcnsprnw @Library